Gaming Quiz

Random Gaming or Football Quiz

Tecmo SB QBs Quiz Stats

 Plays Quiz Updated Mar 15, 2019

Score 0/28 Timer 06:00
1 Play Today
Team Quarterback % Correct
Buffalo BillsQB Bills
88.8%
Miami DolphinsDan Marino
87.4%
San Francisco 49ersJoe Montana
86.5%
Denver BroncosJohn Elway
84%
Houston OilersWarren Moon
79.5%
Dallas CowboysTroy Aikman
78.1%
New York GiantsPhil Simms
73.5%
Philadelphia EaglesQB Eagles
71.9%
Cincinnati BengalsBoomer Esiason
63.8%
Cleveland BrownsQB Browns
52.4%
Washington RedskinsMark Rypien
46.6%
Tampa Bay BuccaneersVinny Testaverde
46.5%
Chicago BearsJim Harbaugh
41.3%
Indianapolis ColtsJeff George
39.8%
Team Quarterback % Correct
Los Angeles RamsJim Everett
38.4%
Seattle SeahawksDave Krieg
32.8%
New York JetsKen O'Brien
32.2%
Green Bay PackersDon Majkowski
29%
New England PatriotsSteve Grogan
28%
Kansas City ChiefsSteve De Berg
27.1%
Pittsburgh SteelersBubby Brister
26.5%
Detroit LionsRodney Peete
25.2%
Atlanta FalconsChris Miller
20.1%
Los Angeles RaidersJay Schroeder
19.9%
Minnesota VikingsWade Wilson
16.9%
San Diego ChargersB.J. Tolliver
14.1%
New Orleans SaintsSteve Walsh
9.8%
Phoenix CardinalsTimm Rosenbach
9.4%

You're not logged in!

Compare scores with friends on all Sporcle quizzes.
OR
Log In

Sporcle TV

Today on Sporcle TV


Watch our educational content, quiz creation guides, and fun videos on Sporcle TV.

Show Comments

Extras

Top Quizzes Today


Score Distribution

Your Account Isn't Verified!

In order to create a playlist on Sporcle, you need to verify the email address you used during registration. Go to your Sporcle Settings to finish the process.

Report this User

Report this user for behavior that violates our Community Guidelines.

Details: